[Event "Durban USSA op"]
[Site "Durban"]
[Date "2023.12.07"]
[Round "6"]
[White "Mankga, Thabang"]
[Black "Martin, Tim2"]
[Result "1-0"]
[WhiteElo "1648"]
[BlackElo "1102"]
[PlyCount "113"]
[EventDate "2023.12.04"]
[EventType "swiss"]
[EventRounds "9"]
[EventCountry "RSA"]
[SourceTitle "CB50_2023"]
[SourceDate "2023.12.13"]
[SourceVersion "1"]
[SourceVersionDate "2023.12.13"]
[SourceQuality "1"]

1. d4 Nf6 2. Nf3 g6 3. g3 Bg7 4. Bg2 0-0 5. c4 d6 6. 0-0 Nc6 7. a3 a6 8. Nc3 Rb8 9. d5 Na5 10. Nd2 b5 11. cxb5 axb5 12. b4 Nc4 13. Nxc4 bxc4 14. Bb2 e5 15. e4 Nh5 16. Bf3 Bh3 17. Re1 Nf6 18. Qe2 Nd7 19. Qxc4 f5 20. a4 f4 21. Bh1 f3 22. Nb5 Qg5 23. Ra3 Nb6 24. Qd3 Bg4 25. Nxc7 Rbc8 26. Ne6 Bxe6 27. dxe6 Nc4 28. Ra2 Nxb2 29. Rxb2 Rc1 30. Rb1 Rfc8 31. Bxf3 R8c3 32. Qe2 R1c2 33. e7 Qxe7 34. Qd1 Bh6 35. Qd5+ Kf8 36. Rb3 Rc4 37. Bg4 Qf6 38. Rf3 Bf4 39. gxf4 exf4 40. e5 dxe5 41. Qxe5 Qxe5 42. Rxe5 Rxb4 43. Bd7 h6 44. Ra3 Rbb2 45. Rf3 g5 46. h4 Rc7 47. Bb5 Rg7 48. hxg5 hxg5 49. Rc3 Rg6 50. Bd3 Rf6 51. Rxg5 Rb4 52. a5 f3 53. Rf5 Rg4+ 54. Kf1 Ke7 55. Rxf6 Kxf6 56. Ra3 Rh4 57. Ke1 1-0

[Event "RSA-ch U20"]
[Site "Kapstadt"]
[Date "2022.07.13"]
[Round "6"]
[White "Taute, Clayden"]
[Black "Mankga, Thabang"]
[Result "0-1"]
[WhiteElo "1384"]
[BlackElo "1561"]
[PlyCount "27"]
[EventDate "2022.07.11"]
[EventType "swiss"]
[EventRounds "6"]
[EventCountry "RSA"]
[SourceTitle "EXT 2023"]
[Source "ChessBase"]
[SourceDate "2022.10.05"]
[SourceVersion "1"]
[SourceVersionDate "2022.10.05"]
[SourceQuality "1"]

1. c4 e6 2. Nc3 Nf6 3. g3 g6 4. Bg2 Bg7 5. e4 c6 6. d4 d5 7. e5 Nfd7 8. cxd5 cxd5 9. f4 Nc6 10. Nf3 a6 11. a4 Qc7 12. Be3 Nb6 13. 0-0 0-0 14. h3 0-1